[Event "Championnat de France - Open C"]
[Site "Belfort"]
[Date "2010.08.10"]
[Round "1.1"]
[White "Biny, Pierre"]
[Black "Christophe-Hayot, Romain"]
[Result "0-1"]
[WhiteElo "1653"]
[BlackElo "1796"]
[PlyCount "85"]
[EventDate "2010.??.??"]

1. e4 d5 2. exd5 Nf6 3. Nf3 Nxd5 4. d4 Bf5 5. Bd3 Bxd3 6. Qxd3 c6 7. O-O e6 8.
c4 Nf6 9. Bg5 Be7 10. Nc3 O-O 11. Rad1 Nbd7 12. d5 cxd5 13. cxd5 Nxd5 14. Bxe7
Qxe7 15. Nxd5 exd5 16. Rfe1 Qb4 17. Qxd5 Nf6 18. Qd2 Qb6 19. Qd4 Qa5 20. Qc4
Rac8 21. Qb3 Rc7 22. Re5 Qa6 23. h3 Rfc8 24. Kh2 h6 25. Rde1 Qd6 26. g3 b6 27.
R5e2 Qd5 28. Qxd5 Nxd5 29. Re8+ Rxe8 30. Rxe8+ Kh7 31. Re2 b5 32. Nd4 a6 33. a3
g6 34. Kg2 Kg7 35. Kf3 Rc4 36. Rd2 Nf6 37. Ke3 Rc5 38. Rc2 Rh5 39. Rc6 a5 40.
Ra6 b4 41. axb4 axb4 42. h4 Re5+ 43. Kf4 0-1

[Event "Championnat de France - Open C"]
[Site "Belfort"]
[Date "2010.08.10"]
[Round "1.2"]
[White "Mattes, Marc"]
[Black "Frach, Gerald"]
[Result "0-1"]
[WhiteElo "1791"]
[BlackElo "1652"]
[PlyCount "46"]
[EventDate "2010.??.??"]

1. e4 e6 2. d4 d5 3. e5 c5 4. Nf3 Bd7 5. Nc3 Nc6 6. Bf4 Qb6 7. Na4 Qa5+ 8. c3
Nxd4 9. Nxd4 cxd4 10. b3 Bxa4 11. bxa4 Qxc3+ 12. Bd2 Qa3 13. Bb5+ Kd8 14. O-O
Rc8 15. Qg4 h6 16. Qxd4 Bc5 17. Qh4+ Ne7 18. Rfc1 b6 19. Bg5 Rf8 20. Rxc5 Qxc5
21. Rc1 hxg5 22. Rxc5 gxh4 23. Rxc8+ Kxc8 0-1

[Event "Championnat de France - Open C"]
[Site "Belfort"]
[Date "2010.08.10"]
[Round "1.3"]
[White "Hambura, David"]
[Black "Loux, Jean-Louis"]
[Result "0-1"]
[WhiteElo "1650"]
[BlackElo "1790"]
[PlyCount "92"]
[EventDate "2010.??.??"]

1. e4 c5 2. d4 cxd4 3. c3 d5 4. cxd4 dxe4 5. Nc3 e6 6. Nxe4 Nc6 7. Nf3 Be7 8.
Bc4 Nf6 9. Nxf6+ Bxf6 10. Be3 O-O 11. O-O Ne7 12. Ne5 Nd5 13. Bb3 Nxe3 14. fxe3
Bxe5 15. dxe5 Bd7 16. Qh5 Bc6 17. Rf4 Qe7 18. Rh4 h6 19. Qg4 f5 20. Qg3 Kh8 21.
Rh3 Rad8 22. Qg6 Bd5 23. Rg3 Qf7 24. Qxf7 Rxf7 25. Rd1 Rfd7 26. Ba4 Bc6 27.
Rxd7 Rxd7 28. Bb3 Bd5 29. Bxd5 Rxd5 30. e4 fxe4 31. Re3 Rxe5 32. Kf2 Kh7 33.
Ke2 Kg6 34. Rg3+ Kf6 35. Ke3 g6 36. Kd4 Kf5 37. Re3 Rd5+ 38. Kc3 Kf4 39. Rh3 h5
40. Kc2 Rg5 41. g3+ Kf3 42. g4+ Kxg4 43. Rg3+ Kf4 44. Rxg5 Kxg5 45. Kd2 Kf4 46.
Ke2 g5 0-1

[Event "Championnat de France - Open C"]
[Site "Belfort"]
[Date "2010.08.10"]
[Round "1.4"]
[White "Jullien, Patrick"]
[Black "Philippeau, Sylvain"]
[Result "0-1"]
[WhiteElo "1786"]
[BlackElo "1650"]
[PlyCount "68"]
[EventDate "2010.??.??"]

1. d4 d5 2. Nf3 Nf6 3. c4 e6 4. Nc3 Be7 5. Bg5 a6 6. e3 O-O 7. Bd3 Nbd7 8. O-O
b6 9. Qc2 Bb7 10. Ne5 g6 11. cxd5 Nxd5 12. Bxe7 Nxe7 13. Nc4 Nd5 14. a3 Rc8 15.
Rad1 Qg5 16. Ne4 Qe7 17. Qe2 e5 18. dxe5 Nxe5 19. Nxe5 Qxe5 20. Ng3 b5 21. Rc1
c5 22. Qd2 Nf6 23. f4 Qd6 24. Qc2 c4 25. Be4 Nxe4 26. Nxe4 Bxe4 27. Qxe4 Qd2
28. Qd4 Rcd8 29. Qxd2 Rxd2 30. Rf2 Rfd8 31. e4 Rxf2 32. Kxf2 Rd2+ 33. Kf3 Rxb2
34. Rc3 Rb3 0-1

[Event "Championnat de France - Open C"]
[Site "Belfort"]
[Date "2010.08.10"]
[Round "1.5"]
[White "Puchault, Maurice"]
[Black "Hocher, Eugene"]
[Result "0-1"]
[WhiteElo "1650"]
[BlackElo "1782"]
[PlyCount "64"]
[EventDate "2010.??.??"]

1. b4 e6 2. Bb2 Nf6 3. a3 Be7 4. e3 d6 5. c4 Nbd7 6. Nc3 O-O 7. Nf3 c6 8. Bd3
h6 9. h3 Nh7 10. Nh2 Ne5 11. Qc2 Nxd3+ 12. Qxd3 e5 13. Ke2 Be6 14. g4 f5 15.
gxf5 Bxf5 16. Ne4 Ng5 17. f3 Kh8 18. Ng4 Bh7 19. Rag1 Rxf3 20. Nxe5 Bxe4 21.
Qxe4 Nxe4 22. Ng6+ Kh7 23. Kxf3 Nxd2+ 24. Ke2 Nxc4 25. Nxe7 Nxb2 26. Nf5 g6 27.
Nd4 Qe7 28. Rg3 Qe4 29. Rhg1 Qd3+ 30. Kf2 Nd1+ 31. Kg2 Nxe3+ 32. Kh2 Nf1+ 0-1

[Event "Championnat de France - Open C"]
[Site "Belfort"]
[Date "2010.08.10"]
[Round "1.6"]
[White "Abdou Issaka, Boubacar"]
[Black "Spanneut, Jean-Pierre"]
[Result "1-0"]
[WhiteElo "1781"]
[BlackElo "1645"]
[PlyCount "75"]
[EventDate "2010.??.??"]

1. e4 d6 2. d4 Nf6 3. Nc3 g6 4. Bd3 Bg7 5. Nf3 O-O 6. Bf4 Na6 7. a3 c5 8. Bxa6
bxa6 9. dxc5 dxc5 10. O-O Bb7 11. Qe2 Qb6 12. Rab1 Qe6 13. Nd2 Rfd8 14. Rfe1
Rd7 15. Nb3 Rc8 16. Na4 Qxe4 17. Qxe4 Nxe4 18. f3 c4 19. fxe4 cxb3 20. cxb3 Rd4
21. Nc3 Rd3 22. Be3 Bd4 23. Bxd4 Rxd4 24. Nd5 Kf8 25. Nc3 Rcd8 26. Kf2 f6 27.
Re2 e5 28. Rbe1 a5 29. Nb5 Rd3 30. Nc3 Ke7 31. Rc1 Ke6 32. Na4 Ke7 33. Nc5 R3d7
34. Nxd7 Rxd7 35. Rc5 a4 36. bxa4 Ba6 37. Rec2 h5 38. Rc7 1-0

[Event "Championnat de France - Open C"]
[Site "Belfort"]
[Date "2010.08.10"]
[Round "1.7"]
[White "Fritsch, Jean"]
[Black "Kormann, Gaetan"]
[Result "0-1"]
[WhiteElo "1640"]
[BlackElo "1780"]
[PlyCount "64"]
[EventDate "2010.??.??"]

1. e4 e5 2. Nf3 Nc6 3. d4 exd4 4. Nxd4 Bc5 5. Be3 Qf6 6. Nc3 Bxd4 7. Nd5 Qe5 8.
f4 Qxe4 9. Nxc7+ Kd8 10. Nxa8 Bxe3 11. Qe2 Nd4 12. Qd3 Nxc2+ 13. Kd1 Qxd3+ 14.
Bxd3 Nxa1 15. Ke2 Bxf4 16. Rf1 Be5 17. Rxf7 Ne7 18. Rf1 b6 19. Be4 Ba6+ 20. Bd3
Bb7 21. Nxb6 axb6 22. Rxa1 Bxg2 23. Rg1 Bd5 24. b3 Kc7 25. Rg5 Bf6 26. Rg1 h6
27. Rc1+ Kd6 28. Rd1 Ke6 29. Bb5 Nc6 30. Kd3 Nb4+ 31. Kd2 Rc8 32. Ke1 Kd6 0-1

[Event "Championnat de France - Open C"]
[Site "Belfort"]
[Date "2010.08.10"]
[Round "1.8"]
[White "Siret, Bernard"]
[Black "Montanelli, Tristan"]
[Result "0-1"]
[WhiteElo "1780"]
[BlackElo "1639"]
[PlyCount "28"]
[EventDate "2010.??.??"]

1. d4 g6 2. e4 Bg7 3. Be3 c5 4. Nf3 Nc6 5. c3 cxd4 6. Nxd4 Nf6 7. Nxc6 bxc6 8.
Nd2 d5 9. exd5 cxd5 10. Be2 O-O 11. O-O e5 12. Nf3 Ng4 13. Bc5 Re8 14. h3 Nh6
0-1

[Event "Championnat de France - Open C"]
[Site "Belfort"]
[Date "2010.08.10"]
[Round "1.9"]
[White "Torelli, Roger"]
[Black "Hauger, Alexandre"]
[Result "1/2-1/2"]
[WhiteElo "1639"]
[BlackElo "1778"]
[PlyCount "71"]
[EventDate "2010.??.??"]

1. e4 e5 2. Nf3 Nf6 3. Nc3 Nc6 4. Bc4 Bc5 5. d3 d6 6. Bg5 Be6 7. Nd5 Bxd5 8.
Bxd5 h6 9. Bxc6+ bxc6 10. Be3 Bb6 11. Qd2 Qd7 12. Bxb6 cxb6 13. O-O O-O 14.
Rfe1 c5 15. Qd1 Rfe8 16. Nh4 d5 17. Nf5 dxe4 18. dxe4 Qxd1 19. Raxd1 Rad8 20.
f3 Kh7 21. Kf2 g6 22. Ne3 Kg7 23. Ke2 Rd4 24. b3 Red8 25. c3 R4d6 26. Rxd6 Rxd6
27. Rd1 Ne8 28. Nd5 Rd7 29. c4 f5 30. Rd3 Kf7 31. a4 Ke6 32. g4 fxe4 33. fxe4
Nf6 34. Nxf6 Rxd3 35. Kxd3 Kxf6 36. h4 1/2-1/2

[Event "Championnat de France - Open C"]
[Site "Belfort"]
[Date "2010.08.10"]
[Round "1.10"]
[White "Gonzalez, Loic"]
[Black "Fleury, Gerard"]
[Result "1-0"]
[WhiteElo "1777"]
[BlackElo "1632"]
[PlyCount "135"]
[EventDate "2010.??.??"]

1. d4 d5 2. e3 Nf6 3. Bd3 Nc6 4. f4 e6 5. Nf3 a6 6. O-O Nb4 7. Nbd2 Nxd3 8.
cxd3 c5 9. b3 cxd4 10. Nxd4 Bc5 11. Bb2 O-O 12. N2f3 Qe7 13. Ne5 Nd7 14. Rf3 f6
15. Nxd7 Bxd7 16. Qd2 Rac8 17. Nc2 Bc6 18. d4 Bd6 19. a4 f5 20. Ba3 Rf6 21.
Bxd6 Qxd6 22. Rc1 Rh6 23. Qb4 Qb8 24. Rff1 g5 25. Ne1 g4 26. Nd3 Qc7 27. Ne5
Qd8 28. g3 Qe8 29. Nxc6 bxc6 30. Rc5 Qh5 31. Qd2 Qe8 32. Rfc1 Rf6 33. b4 Rf8
34. b5 axb5 35. axb5 Rb8 36. bxc6 Qc8 37. Qa2 Qc7 38. Ra1 Rfc8 39. Qa7 Kf8 40.
Qa5 Ke8 41. h4 gxh3 42. Qxc7 Rxc7 43. Kh2 Rb3 44. Re1 Kd8 45. Kxh3 Rb2 46. g4
fxg4+ 47. Kxg4 Rg7+ 48. Kh3 Rf2 49. c7+ Rxc7 50. Rxc7 Kxc7 51. Kg3 Ra2 52. Rh1
Ra3 53. Rxh7+ Kd6 54. Kf3 Ra8 55. Rh6 Rf8 56. e4 dxe4+ 57. Kxe4 Rf5 58. Rg6 Ke7
59. Rg5 Rf6 60. Ke5 Kf7 61. f5 exf5 62. Rxf5 Rxf5+ 63. Kxf5 Ke7 64. Ke5 Kd7 65.
Kd5 Kd8 66. Kd6 Kc8 67. Ke7 Kc7 68. d5 1-0

[Event "Championnat de France - Open C"]
[Site "Belfort - SNPHHUATVS"]
[Date "2010.08.11"]
[Round "2.1"]
[White "Christophe-Hayot, Romain"]
[Black "Damour, Theo"]
[Result "1-0"]
[WhiteElo "1796"]
[BlackElo "1687"]
[PlyCount "135"]
[EventDate "2010.??.??"]

1. d4 d5 2. Nf3 Nf6 3. Bg5 e6 4. e3 Be7 5. Bd3 Nbd7 6. Nbd2 b6 7. c3 Bb7 8. Qb1
c5 9. O-O O-O 10. Ne5 h6 11. Nxd7 Nxd7 12. Bxe7 Qxe7 13. f4 f6 14. Nf3 e5 15.
Nh4 exf4 16. Nf5 Qe6 17. Rxf4 Kh8 18. Qe1 Rf7 19. Rf3 Nf8 20. Qg3 Nh7 21. h4
Rd8 22. Raf1 c4 23. Bc2 b5 24. Qf4 a5 25. Qh2 b4 26. g4 Bc6 27. Qd2 Rb8 28. Bb1
Be8 29. R3f2 Bc6 30. Qc2 Rbf8 31. Qe2 Re8 32. Re1 bxc3 33. bxc3 Nf8 34. g5 fxg5
35. hxg5 Qg6 36. Qg4 Qxg5 37. Qxg5 hxg5 38. Rh2+ Kg8 39. Nd6 Ree7 40. Nxf7 Rxf7
41. Rf1 Rxf1+ 42. Kxf1 Kf7 43. Rb2 Nd7 44. Kf2 Kf6 45. Kf3 g6 46. Kg4 Ba4 47.
Rf2+ Kg7 48. Kxg5 Nf8 49. Rb2 Ne6+ 50. Kg4 Bd1+ 51. Kg3 Kf6 52. Rb6 g5 53. Rd6
a4 54. Rxd5 Ng7 55. Rc5 Nh5+ 56. Kf2 g4 57. Rxh5 g3+ 58. Kxg3 Bxh5 59. a3 Ke6
60. Kf4 Be2 61. Bc2 Kd5 62. Bxa4 Bd3 63. Be8 Kd6 64. e4 Be2 65. a4 Ke7 66. Bb5
Kd6 67. a5 Kc7 68. Ke5 1-0

[Event "Championnat de France - Open C"]
[Site "Belfort - SNPHHUATVS"]
[Date "2010.08.11"]
[Round "2.2"]
[White "Loux, Jean-Louis"]
[Black "Wielezynski, Olivier"]
[Result "0-1"]
[WhiteElo "1790"]
[BlackElo "1686"]
[PlyCount "158"]
[EventDate "2010.??.??"]

1. d4 d5 2. c4 c6 3. Nf3 Nf6 4. Nc3 Bf5 5. e3 a6 6. Qb3 b5 7. cxb5 cxb5 8. Be2
g6 9. Ne5 Bg7 10. a4 bxa4 11. Rxa4 O-O 12. O-O Bc8 13. Bd2 e6 14. Rfa1 Nfd7 15.
Nxd7 Bxd7 16. Ra5 Nc6 17. Rxa6 Rb8 18. Qa3 Nb4 19. Ra7 Nc2 20. Qd6 Nxa1 21.
Rxd7 Qb6 22. Nd1 Qxd6 23. Rxd6 Rfc8 24. Bc3 Nb3 25. Ba6 Rc7 26. Bf1 Rcc8 27.
Ba6 Rc7 28. Bf1 Ra7 29. f4 Bf8 30. Ra6 Rxa6 31. Bxa6 Bb4 32. h3 Bxc3 33. bxc3
Nd2 34. Kf2 Nc4 35. e4 Kf8 36. exd5 exd5 37. Bxc4 dxc4 38. Ne3 f5 39. g4 fxg4
40. hxg4 Rb3 41. Nxc4 Rxc3 42. Ne5 Ke7 43. Ke2 Ra3 44. Nf3 Kd6 45. f5 gxf5 46.
gxf5 Ke7 47. Ng5 h6 48. Ne4 h5 49. d5 h4 50. Kf2 h3 51. f6+ Kf7 52. Kg1 Ra4 53.
Ng5+ Kxf6 54. Nxh3 Ke5 55. Kf2 Kxd5 56. Ke2 Ra2+ 57. Kd1 Kd4 58. Nf4 Rf2 59.
Ne6+ Ke3 60. Nc7 Kd3 61. Ke1 Rh2 62. Nd5 Ke4 63. Nf6+ Kd3 64. Kf1 Re2 65. Nd5
Re5 66. Nb4+ Ke3 67. Nc6 Rf5+ 68. Kg1 Rg5+ 69. Kf1 Rc5 70. Ne7 Kf3 71. Kg1 Kg3
72. Kf1 Kf3 73. Kg1 Rc2 74. Nd5 Rg2+ 75. Kh1 Kg3 76. Nf6 Kh3 77. Nh5 Ra2 78.
Nf4+ Kg4 79. Ne6 Kg3 0-1

[Event "Championnat de France - Open C"]
[Site "Belfort - SNPHHUATVS"]
[Date "2010.08.11"]
[Round "2.3"]
[White "Hocher, Eugene"]
[Black "Braun, Jean-Baptiste"]
[Result "1-0"]
[WhiteElo "1782"]
[BlackElo "1684"]
[PlyCount "95"]
[EventDate "2010.??.??"]

1. d4 Nf6 2. Nf3 g6 3. Nbd2 Bg7 4. e4 d6 5. Bd3 O-O 6. O-O Nbd7 7. c3 e5 8. Re1
c6 9. Nc4 Qc7 10. Bg5 b5 11. Ncd2 a5 12. Rc1 h6 13. Bh4 Nh5 14. Nf1 Nf4 15. Bb1
Ba6 16. Rc2 Nb6 17. Ne3 exd4 18. cxd4 b4 19. Rd2 Nc4 20. Nxc4 Bxc4 21. Qa4 Rfe8
22. h3 Nh5 23. Rc1 Bb5 24. Qxb5 cxb5 25. Rxc7 Rac8 26. Rxc8 Rxc8 27. Rc2 Re8
28. Rc6 g5 29. Bg3 Nf6 30. e5 dxe5 31. Bxe5 g4 32. hxg4 Nxg4 33. Bxg7 Kxg7 34.
Kf1 Rd8 35. Rc5 a4 36. Bd3 a3 37. b3 Rd6 38. Rxb5 Rc6 39. Bc4 Rd6 40. Rxb4 Nh2+
41. Nxh2 Rxd4 42. Rb7 Rd1+ 43. Ke2 Ra1 44. Rxf7+ Kh8 45. b4 Rb1 46. Bb3 Rxb3
47. axb3 Kg8 48. Ra7 1-0

[Event "Championnat de France - Open C"]
[Site "Belfort - SNPHHUATVS"]
[Date "2010.08.11"]
[Round "2.4"]
[White "Ameri, Vincent"]
[Black "Abdou Issaka, Boubacar"]
[Result "0-1"]
[WhiteElo "1686"]
[BlackElo "1781"]
[PlyCount "114"]
[EventDate "2010.??.??"]

1. e4 c5 2. Nf3 d6 3. d4 cxd4 4. Nxd4 Nf6 5. Nc3 a6 6. Bg5 Qb6 7. Nb3 Nc6 8.
Be2 e6 9. O-O Be7 10. Be3 Qc7 11. f4 O-O 12. a3 b5 13. Qe1 Bb7 14. Bf3 Rfd8 15.
Qf2 Rd7 16. Rad1 b4 17. Na4 Rf8 18. axb4 Nxb4 19. c3 Nc6 20. Nb6 Rdd8 21. Na4
Qb8 22. Bb6 Rc8 23. Nd2 d5 24. e5 Nd7 25. Be3 Na5 26. b4 Nc4 27. Nxc4 Rxc4 28.
Be2 Rc7 29. Bd4 Bc6 30. Nb6 Nxb6 31. Bxb6 Rb7 32. Bd4 Bb5 33. Bd3 Bxd3 34. Rxd3
Rc8 35. f5 Bf8 36. f6 g6 37. Qh4 Rc4 38. Rh3 h6 39. Qf4 g5 40. Rg3 Kh7 41. Qf2
a5 42. h4 axb4 43. hxg5 bxc3 44. Qc2+ Kh8 45. g6 Rb2 46. g7+ Bxg7 47. fxg7+ Kg8
48. Qd3 Rd2 49. Qf3 Qc7 50. Qf6 Rdxd4 51. Qxe6 Rg4 52. Qe8+ Kxg7 53. Rgf3 Qc5+
54. R1f2 Rcf4 55. Qd7 c2 56. Kh2 Rh4+ 57. Kg3 Rfg4+ 0-1

[Event "Championnat de France - Open C"]
[Site "Belfort - SNPHHUATVS"]
[Date "2010.08.11"]
[Round "2.5"]
[White "Kormann, Gaetan"]
[Black "Leost, Vivien"]
[Result "1/2-1/2"]
[WhiteElo "1780"]
[BlackElo "1673"]
[PlyCount "60"]
[EventDate "2010.??.??"]

1. e4 c6 2. Nf3 d5 3. Nc3 dxe4 4. Nxe4 Bf5 5. Neg5 Nf6 6. Bc4 e6 7. Qe2 h6 8.
Nxf7 Kxf7 9. Nh4 Bg4 10. f3 Nd5 11. fxg4 Qxh4+ 12. g3 Qe7 13. O-O+ Kg8 14. d3
Nd7 15. Bd2 Qc5+ 16. Rf2 Re8 17. Raf1 N7f6 18. Bc3 Kh7 19. Bxd5 exd5 20. Qf3 d4
21. Bd2 Qd5 22. Qd1 Be7 23. Rf5 Qf7 24. h4 Qg6 25. g5 Nh5 26. Qf3 Rhf8 27. g4
Rxf5 28. gxf5 Qd6 29. Qxh5 Qg3+ 30. Kh1 Qh3+ 1/2-1/2

[Event "Championnat de France - Open C"]
[Site "Belfort - SNPHHUATVS"]
[Date "2010.08.11"]
[Round "2.6"]
[White "Scherrer, Gilles"]
[Black "Gonzalez, Loic"]
[Result "1/2-1/2"]
[WhiteElo "1683"]
[BlackElo "1777"]
[PlyCount "95"]
[EventDate "2010.??.??"]

1. e4 e5 2. Nf3 Nc6 3. Bb5 Nge7 4. Nc3 g6 5. d3 Bg7 6. Be3 a6 7. Bxc6 bxc6 8.
Qd2 d6 9. Bh6 O-O 10. h4 Bg4 11. Nh2 Be6 12. g4 Qd7 13. f3 d5 14. h5 dxe4 15.
Nxe4 f5 16. Nc5 Qd5 17. Nxe6 Qxe6 18. Bxg7 Kxg7 19. Qg5 Qf6 20. Qxf6+ Kxf6 21.
hxg6 hxg6 22. Kd2 Rh8 23. Rae1 c5 24. g5+ Ke6 25. f4 e4 26. dxe4 Rad8+ 27. Kc1
Kf7 28. exf5 Nxf5 29. Nf3 Rxh1 30. Rxh1 Kg8 31. Ne5 Ne3 32. b3 Ng2 33. Nd3 c4
34. bxc4 Rd4 35. Nc5 Nxf4 36. Nxa6 Rxc4 37. Kb2 Rc6 38. Nb4 Rb6 39. Ka3 c5 40.
Nd3 Nxd3 41. cxd3 Rd6 42. Rh3 Rd5 43. Rg3 Kf7 44. Kb3 Ke7 45. Kc4 Kd6 46. Rg4
Kc6 47. a4 Rf5 48. Kc3 1/2-1/2

[Event "Championnat de France - Open C"]
[Site "Belfort - SNPHHUATVS"]
[Date "2010.08.11"]
[Round "2.7"]
[White "Dietrich, Thomas"]
[Black "Lemaire, Olivier"]
[Result "0-1"]
[WhiteElo "1680"]
[BlackElo "1775"]
[PlyCount "124"]
[EventDate "2010.??.??"]

1. e4 c5 2. Nc3 d6 3. f4 Nf6 4. Nf3 a6 5. a4 Nc6 6. Bc4 e6 7. d3 d5 8. Bb3 dxe4
9. dxe4 Qxd1+ 10. Kxd1 b6 11. e5 Ng4 12. Ne4 Bb7 13. h3 Nh6 14. Re1 Nf5 15. c3
O-O-O+ 16. Kc2 Na5 17. Ba2 Be7 18. Nfg5 Bxe4+ 19. Rxe4 Bxg5 20. fxg5 Rhf8 21.
Bf4 Rd7 22. g4 Ne7 23. Rf1 Nd5 24. h4 b5 25. Be3 Nxe3+ 26. Rxe3 c4 27. axb5
axb5 28. h5 Re8 29. Ref3 Ree7 30. b4 Nc6 31. Re3 Rd5 32. Rfe1 Red7 33. R1e2 Kd8
34. Bb1 Ke7 35. Kb2 Rd2+ 36. Kc1 Rxe2 37. Rxe2 Rd5 38. Bxh7 Rxe5 39. Rxe5 Nxe5
40. h6 gxh6 41. gxh6 Nxg4 42. Be4 Nxh6 43. Bc6 Kd6 44. Bxb5 Kd5 45. Kd2 Nf5 46.
Ke2 Nd6 47. Ba6 Kc6 48. Ke3 Kb6 49. Bxc4 Nxc4+ 50. Kd4 Kb5 51. Kd3 f5 52. Kd4
f4 53. Ke4 e5 54. Kf3 Nd6 55. Ke2 Kc4 56. Kd2 Nf5 57. Kc2 e4 58. Kd2 e3+ 59.
Ke1 f3 60. Kf1 Kxc3 61. Ke1 Kc2 62. Kf1 Kd2 0-1

[Event "Championnat de France - Open C"]
[Site "Belfort - SNPHHUATVS"]
[Date "2010.08.11"]
[Round "2.8"]
[White "Gaubert, Virginie"]
[Black "Renaudin, Jeremy"]
[Result "1/2-1/2"]
[WhiteElo "1674"]
[BlackElo "1770"]
[PlyCount "83"]
[EventDate "2010.??.??"]

1. c4 e5 2. Nc3 c6 3. g3 d5 4. cxd5 cxd5 5. Bg2 Nf6 6. d3 Bb4 7. Bd2 Nc6 8. Nf3
O-O 9. O-O Re8 10. Rc1 Bf5 11. Nh4 Be6 12. a3 Be7 13. Na4 Nd7 14. Nf3 e4 15.
dxe4 dxe4 16. Ne1 Nd4 17. Bf4 Nb6 18. Bc7 Nf3+ 19. exf3 Qxd1 20. Rxd1 Nxa4 21.
fxe4 Nxb2 22. Rb1 Bxa3 23. Nc2 Nc4 24. Nxa3 Nxa3 25. Rxb7 Re7 26. Rb8+ Rxb8 27.
Bxb8 Nb5 28. Ra1 h6 29. Bf1 Rb7 30. Bf4 Nc3 31. f3 Rb1 32. Rxb1 Nxb1 33. Ba6
Nc3 34. Be3 f5 35. e5 Nd5 36. Bxa7 g5 37. Bc4 Kf7 38. Bxd5 Bxd5 39. f4 Ke6 40.
Kf2 g4 41. Kg1 h5 42. Bb6 1/2-1/2

[Event "Championnat de France - Open C"]
[Site "Belfort - SNPHHUATVS"]
[Date "2010.08.11"]
[Round "2.9"]
[White "Theodore, Simon"]
[Black "Dion, Virgile"]
[Result "1/2-1/2"]
[WhiteElo "1768"]
[BlackElo "1670"]
[PlyCount "140"]
[EventDate "2010.??.??"]

1. c4 b6 2. Nc3 e6 3. Nf3 Bb7 4. e4 Nf6 5. e5 Ne4 6. d3 Nxc3 7. bxc3 d6 8. Bf4
Nd7 9. d4 dxe5 10. Nxe5 Bd6 11. Bd3 Bxe5 12. dxe5 Nc5 13. Bc2 Qxd1+ 14. Rxd1
O-O 15. O-O Rfd8 16. Be3 Ne4 17. Bxe4 Bxe4 18. Rfe1 Bd3 19. c5 Rd5 20. cxb6
axb6 21. Bd4 Bc4 22. Ra1 c5 23. Be3 Rxe5 24. a4 Bb3 25. Reb1 c4 26. Bxb6 Ra6
27. a5 Re2 28. Kf1 Rc2 29. Rc1 Rd2 30. Rcb1 Rc2 31. Ke1 Rxc3 32. Rc1 Rd3 33.
Ke2 Rd5 34. Rab1 h6 35. Rc3 g5 36. Rh3 Kh7 37. Rf3 Kg6 38. Ra1 h5 39. Rb1 Ra8
40. Rc3 h4 41. Rb2 Kf6 42. Rd2 Ke7 43. g3 hxg3 44. hxg3 Kd7 45. Rf3 Ke7 46. Re3
Kd7 47. Rf3 Rxd2+ 48. Kxd2 f5 49. Kc3 Kc6 50. Re3 Re8 51. f4 gxf4 52. gxf4 Kd6
53. a6 Kc6 54. Bd4 Kc7 55. a7 Kb7 56. Re5 Ka8 57. Rc5 Rd8 58. Rc7 Re8 59. Kb4
Rd8 60. Be3 Re8 61. Ka5 Ba2 62. Ka6 Rd8 63. Re7 c3 64. Rc7 Rd6+ 65. Bb6 Rd8 66.
Rxc3 Re8 67. Bc7 Bd5 68. Rc1 Bb7+ 69. Kb5 Rc8 70. Kb6 Re8 1/2-1/2

[Event "Championnat de France - Open C"]
[Site "Belfort - SNPHHUATVS"]
[Date "2010.08.11"]
[Round "2.10"]
[White "Militon, Alexandre"]
[Black "Kaser, Simon"]
[Result "1/2-1/2"]
[WhiteElo "1760"]
[BlackElo "1667"]
[PlyCount "78"]
[EventDate "2010.??.??"]

1. e4 c5 2. Nf3 Nc6 3. b3 d6 4. Bb2 Nf6 5. Nc3 e6 6. d4 cxd4 7. Nxd4 Be7 8.
Nde2 O-O 9. Ng3 d5 10. exd5 exd5 11. Bd3 Ne5 12. Bf5 Bxf5 13. Nxf5 Qd7 14.
Nxe7+ Qxe7 15. O-O Rad8 16. Re1 Rfe8 17. Nb5 Nfd7 18. Nc7 Rf8 19. Nxd5 Qd6 20.
Nf4 Qxd1 21. Raxd1 Nc6 22. Ba3 Rfe8 23. Rxe8+ Rxe8 24. h3 Nf6 25. c4 h6 26. Bb2
Ne4 27. Rd7 Re7 28. Rd1 Re8 29. Nd5 Nc5 30. Ba3 Ne6 31. b4 a6 32. b5 axb5 33.
cxb5 Ncd4 34. b6 Ra8 35. Bd6 Rxa2 36. Nc7 Rb2 37. Nxe6 Nxe6 38. Bc7 Kf8 39. Rd6
Ke8 1/2-1/2

[Event "Championnat de France - Open C"]
[Site "Belfort - SNPHHUATVS"]
[Date "2010.08.12"]
[Round "3.1"]
[White "Bensaid, Abdel"]
[Black "Christophe-Hayot, Romain"]
[Result "0-1"]
[WhiteElo "1702"]
[BlackElo "1796"]
[PlyCount "136"]
[EventDate "2010.??.??"]

1. c4 f5 2. d4 e6 3. Nc3 Nf6 4. Nf3 d5 5. Bf4 c6 6. e3 Be7 7. h3 O-O 8. Be2
Nbd7 9. O-O Nb6 10. cxd5 exd5 11. Rc1 Ne4 12. Ne5 Nd7 13. Bd3 Qe8 14. Bb1 Bf6
15. Nxd7 Qxd7 16. Ne2 g5 17. Bh2 g4 18. hxg4 fxg4 19. Ng3 Nxg3 20. Bxg3 Qe7 21.
Qc2 Rf7 22. Qc5 Qxc5 23. Rxc5 Bd7 24. Bf4 Kg7 25. g3 h6 26. Kg2 Bg5 27. Bxg5
hxg5 28. Rh1 Rh8 29. Rcc1 Bf5 30. Rxh8 Kxh8 31. Rh1+ Kg7 32. Bxf5 Rxf5 33. Kf1
Rf8 34. Ke2 Rc8 35. Kd3 c5 36. dxc5 Rxc5 37. Rd1 a5 38. Rd2 Kf6 39. Kd4 b6 40.
b3 Ke6 41. e4 dxe4 42. Kxe4 Re5+ 43. Kd4 Kf5 44. Rc2 Rb5 45. Rc4 Re5 46. Kd3 b5
47. Rd4 Rc5 48. Kd2 b4 49. Kd3 Rc3+ 50. Kd2 Rc5 51. Kd3 Re5 52. Kd2 Rc5 53. Rc4
Rxc4 54. bxc4 Ke4 55. c5 Kd5 56. Ke3 Kxc5 57. f4 gxf3 58. Kxf3 a4 59. Kg4 b3
60. axb3 axb3 61. Kxg5 b2 62. g4 b1=Q 63. Kh5 Qh7+ 64. Kg5 Kd5 65. Kf6 Qh6+ 66.
Kf5 Qf8+ 67. Kg5 Ke5 68. Kh5 Qg7 0-1

[Event "Championnat de France - Open C"]
[Site "Belfort - SNPHHUATVS"]
[Date "2010.08.12"]
[Round "3.2"]
[White "Tempestini, Marc"]
[Black "Hocher, Eugene"]
[Result "1/2-1/2"]
[WhiteElo "1702"]
[BlackElo "1782"]
[PlyCount "93"]
[EventDate "2010.??.??"]

1. e4 e6 2. d4 d5 3. Nd2 Nf6 4. Bd3 dxe4 5. Nxe4 Nbd7 6. Bf4 Be7 7. Bg3 Nxe4 8.
Bxe4 Nf6 9. Bf3 c6 10. Ne2 O-O 11. O-O Qb6 12. Rb1 c5 13. dxc5 Bxc5 14. Nc3 Be7
15. Qe2 Bd7 16. b3 Rac8 17. Na4 Qb4 18. c3 Qb5 19. c4 Qa6 20. Nc3 Bb4 21. Nb5
Bxb5 22. cxb5 Qb6 23. Rfd1 Rfd8 24. Rxd8+ Rxd8 25. Rd1 Rc8 26. h3 h6 27. Be5
Be7 28. Bd4 Qc7 29. Qe3 b6 30. Bc6 Qd6 31. Qe2 Rd8 32. Bf3 Nd5 33. Be5 Qc5 34.
Qc4 Qa3 35. Bxd5 exd5 36. Rxd5 Rxd5 37. Qxd5 Qxa2 38. Qa8+ Kh7 39. Qe4+ Kg8 40.
Qg4 Bf8 41. Qg3 Qa5 42. Bb8 Bc5 43. Be5 Qe1+ 44. Kh2 g6 45. Bf6 Qb4 46. Qb8+
Bf8 47. Be5 1/2-1/2

[Event "Championnat de France - Open C"]
[Site "Belfort - SNPHHUATVS"]
[Date "2010.08.12"]
[Round "3.3"]
[White "Abdou Issaka, Boubacar"]
[Black "Veys, Vincent"]
[Result "1-0"]
[WhiteElo "1781"]
[BlackElo "1688"]
[PlyCount "99"]
[EventDate "2010.??.??"]

1. e4 e5 2. Nf3 Nc6 3. Bb5 a6 4. Ba4 Nf6 5. O-O b5 6. Bb3 Bc5 7. c3 d6 8. d4
Bb6 9. Bg5 h6 10. dxe5 hxg5 11. exf6 Qxf6 12. Qd5 Bb7 13. Qxg5 Qxg5 14. Nxg5
Ne5 15. Nd2 f6 16. Ne6 g5 17. Nd4 Nd3 18. Rab1 Kd7 19. Bc2 Nf4 20. Rfe1 c5 21.
Nf5 Rh7 22. Nf1 Rhh8 23. Rbd1 Bc7 24. N5e3 c4 25. Nd5 Bxd5 26. exd5 Rae8 27.
Rxe8 Rxe8 28. Ne3 Bb6 29. Bf5+ Kc7 30. g3 Bxe3 31. fxe3 Re5 32. exf4 Rxf5 33.
fxg5 fxg5 34. Kg2 Kb6 35. Rd2 Kc5 36. h3 a5 37. Rd4 Rxd5 38. Rxd5+ Kxd5 39. Kf3
Ke5 40. Ke3 d5 41. h4 gxh4 42. gxh4 b4 43. h5 d4+ 44. cxd4+ Kf6 45. d5 a4 46.
Kd2 a3 47. bxa3 bxa3 48. Kc3 Ke5 49. Kxc4 Kd6 50. h6 1-0